[Event "Dhaka SGS op"]
[Site "Dhaka"]
[Date "2017.06.03"]
[Round "1"]
[White "Mosharuf, Hossain"]
[Black "Islam, Md Nazrul"]
[Result "0-1"]
[WhiteElo "1624"]
[BlackElo "2036"]
[PlyCount "70"]
[EventDate "2017.06.03"]
[EventType "swiss"]
[EventRounds "9"]
[EventCountry "BAN"]
[SourceTitle "EXT 2019"]
[Source "ChessBase"]
[SourceDate "2018.10.10"]
[SourceVersion "1"]
[SourceVersionDate "2018.10.10"]
[SourceQuality "1"]

1. d4 d5 2. g3 Nf6 3. Bg2 c6 4. Nf3 e6 5. 0-0 Be7 6. Bg5 Nbd7 7. c3 h6 8. Bxf6 Bxf6 9. Nbd2 0-0 10. e4 dxe4 11. Nxe4 Be7 12. Qc2 Qc7 13. Rac1 c5 14. h4 b6 15. Rfe1 Bb7 16. Ne5 Rac8 17. Nxd7 Qxd7 18. dxc5 bxc5 19. Nd2 Rfd8 20. Bxb7 Qxb7 21. Nb3 Rd7 22. Red1 Rcd8 23. Rxd7 Qxd7 24. Qe2 Qa4 25. Qc2 Qg4 26. Kh2 Rd5 27. Re1 g5 28. Qe4 Qh5 29. Kh3 Bf6 30. Qg4 Qg6 31. h5 Qc2 32. Rxe6 Qxf2 33. Re2 Qf1+ 34. Kh2 Rf5 35. Qe4 g4 0-1